[Event "Poti op 16th"]
[Site "Poti"]
[Date "2023.07.19"]
[Round "8"]
[White "Ghazaryan, Raffi"]
[Black "Arakelyan, Manvel"]
[Result "1/2-1/2"]
[WhiteElo "2107"]
[BlackElo "1883"]
[PlyCount "150"]
[EventDate "2023.07.12"]
[EventType "swiss"]
[EventRounds "9"]
[EventCountry "GEO"]
[SourceTitle "EXT 2024"]
[Source "ChessBase"]
[SourceDate "2023.10.10"]
[SourceVersion "1"]
[SourceVersionDate "2023.10.10"]
[SourceQuality "1"]

1. e4 c5 2. Nf3 Nc6 3. d4 cxd4 4. Nxd4 Nf6 5. Nc3 e5 6. Ndb5 d6 7. Bg5 a6 8. Na3 b5 9. Nd5 Be7 10. Bxf6 Bxf6 11. c3 Rb8 12. Nc2 Bg5 13. Be2 0-0 14. 0-0 Be6 15. Nce3 Bxe3 16. Nxe3 Ne7 17. Qd2 d5 18. exd5 Nxd5 19. Nxd5 Bxd5 20. Rfd1 Bc4 21. Qe3 Qc7 22. Bf3 Rfd8 23. h4 f5 24. g4 Rf8 25. gxf5 Rxf5 26. Bg4 Rf4 27. Qg3 Qb6 28. Rd7 g6 29. Rad1 Rbf8 30. R1d6 Qxf2+ 31. Qxf2 Rxf2 32. Be6+ Bxe6 33. Rxe6 R8f7 34. Rxf7 Kxf7 35. Rxg6 Rxb2 36. Rxa6 Rc2 37. Rb6 Rxc3 38. Rxb5 Kf6 39. Rb6+ Kf5 40. Rh6 Rc7 41. a4 Kf4 42. Kf2 Rc2+ 43. Kf1 Kf3 44. Rf6+ Ke3 45. Rh6 Rc7 46. a5 e4 47. a6 Rd7 48. Ke1 Rg7 49. Kf1 Rc7 50. Rb6 Rc1+ 51. Kg2 Ra1 52. Re6 h5 53. Rh6 Ra5 54. Re6 Ra1 55. Rb6 Ra4 56. Rf6 Ke2 57. Rf4 Kd3 58. Rf6 Kd2 59. Rd6+ Ke2 60. Rh6 Ra5 61. Re6 e3 62. Rf6 Ra4 63. Rf5 Rxa6 64. Rxh5 Ke1 65. Re5 e2 66. Kf3 Kf1 67. Rxe2 Rf6+ 68. Kg4 Kxe2 69. Kg5 Ra6 70. h5 Kf3 71. h6 Ra5+ 72. Kg6 Kg4 73. h7 Ra6+ 74. Kf7 Kf5 75. h8Q Ra7+ 1/2-1/2

[Event "Poti op 16th"]
[Site "Poti"]
[Date "2023.07.14"]
[Round "3"]
[White "Manukyan, Sargis A"]
[Black "Arakelyan, Manvel"]
[Result "1-0"]
[WhiteElo "2201"]
[BlackElo "1883"]
[PlyCount "69"]
[EventDate "2023.07.12"]
[EventType "swiss"]
[EventRounds "9"]
[EventCountry "GEO"]
[SourceTitle "EXT 2024"]
[Source "ChessBase"]
[SourceDate "2023.10.10"]
[SourceVersion "1"]
[SourceVersionDate "2023.10.10"]
[SourceQuality "1"]

1. d4 d5 2. c4 e6 3. Nc3 Be7 4. Nf3 Nf6 5. Bg5 h6 6. Bh4 0-0 7. e3 b6 8. cxd5 Nxd5 9. Bxe7 Qxe7 10. Nxd5 exd5 11. Bd3 c5 12. dxc5 bxc5 13. 0-0 Be6 14. e4 d4 15. Nd2 Nc6 16. f4 c4 17. Nxc4 Bxc4 18. Bxc4 Qxe4 19. Qd2 Rfd8 20. Rae1 Qf5 21. Bd3 Qf6 22. g4 Rab8 23. g5 Qd6 24. a3 Re8 25. b4 Rxe1 26. Qxe1 hxg5 27. Qe4 Qh6 28. Rc1 Nxb4 29. axb4 gxf4 30. Kh1 g6 31. Rc7 Rf8 32. Bc4 d3 33. Qxd3 Qg5 34. Rxa7 Qf6 35. Ra6 1-0

[Event "Wch U12 blitz"]
[Site "Batumi"]
[Date "2023.06.11"]
[Round "11"]
[White "Arakelyan, Manvel"]
[Black "Soghomonyan, Tigran"]
[Result "1/2-1/2"]
[WhiteElo "1703"]
[BlackElo "1494"]
[PlyCount "148"]
[EventDate "2023.06.10"]
[EventType "swiss (blitz)"]
[EventRounds "11"]
[EventCountry "GEO"]
[SourceTitle "EXT 2024"]
[Source "ChessBase"]
[SourceDate "2023.10.10"]
[SourceVersion "1"]
[SourceVersionDate "2023.10.10"]
[SourceQuality "1"]
[WhiteTeam "Armenia"]
[BlackTeam "Armenia"]
[WhiteTeamCountry "ARM"]
[BlackTeamCountry "ARM"]

1. e4 c5 2. Nf3 e6 3. c3 Nc6 4. d4 cxd4 5. cxd4 Nf6 6. e5 Nd5 7. Nc3 Bb4 8. Bd2 Qa5 9. Nxd5 Bxd2+ 10. Qxd2 Qxd5 11. Be2 b6 12. 0-0 Bb7 13. b3 0-0 14. Rfe1 b5 15. Rac1 a6 16. Rc5 Qe4 17. Bxb5 Qg4 18. h3 Qh5 19. Bd3 Rac8 20. Rcc1 Ne7 21. Be4 Rxc1 22. Qxc1 Rc8 23. Qd2 Bxe4 24. Rxe4 Qf5 25. Re1 h6 26. Qb4 Nd5 27. Qb7 Rc2 28. Qa8+ Kh7 29. Qxa6 Nb4 30. Qb5 Nd3 31. Rf1 Rxa2 32. d5 Nxe5 33. Nxe5 Qxe5 34. Qxd7 Qxd5 35. Qxf7 Qxb3 36. Rc1 Qb2 37. Re1 e5 38. Qf5+ g6 39. Qf7+ Kh8 40. Rd1 Ra1 41. Qe8+ Kg7 42. Qe7+ Kg8 43. Qd8+ Kf7 44. Qd7+ Kf6 45. Qd6+ Kf7 46. Qd5+ Kf6 47. Qc6+ Kg7 48. Qd7+ Kf6 49. Qd8+ Kf7 50. Qd7+ Kf6 51. Qd6+ Kf7 52. Rxa1 Qxa1+ 53. Kh2 Qd4 54. Qc7+ Kf6 55. Qc6+ Kf7 56. Qc2 Qf4+ 57. Kg1 Qd4 58. Qc1 Kg7 59. Qc7+ Kf6 60. Qc6+ Kf7 61. g3 e4 62. Qc7+ Kf6 63. Qf4+ Kg7 64. h4 Qd1+ 65. Kg2 Qd5 66. Kh2 Qf5 67. Qc7+ Kf6 68. Qb6+ Kg7 69. Qd4+ Kf7 70. Qe3 h5 71. Kg2 Ke6 72. Qb3+ Ke5 73. Qb5+ Kd4 74. Qb4+ Kd3 1/2-1/2

[Event "Wch U12 rapid"]
[Site "Batumi"]
[Date "2023.06.06"]
[Round "2"]
[White "Dau, Khuong Duy"]
[Black "Arakelyan, Manvel"]
[Result "1-0"]
[WhiteElo "2171"]
[BlackElo "1657"]
[PlyCount "109"]
[EventDate "2023.06.06"]
[EventType "swiss (rapid)"]
[EventRounds "11"]
[EventCountry "GEO"]
[SourceTitle "EXT 2024"]
[Source "ChessBase"]
[SourceDate "2023.10.10"]
[SourceVersion "1"]
[SourceVersionDate "2023.10.10"]
[SourceQuality "1"]
[WhiteTeam "Vietnam"]
[BlackTeam "Armenia"]
[WhiteTeamCountry "VIE"]
[BlackTeamCountry "ARM"]

1. e4 c5 2. Nc3 Nc6 3. Nf3 g6 4. Bb5 Bg7 5. 0-0 d6 6. Bxc6+ bxc6 7. Re1 Bg4 8. h3 Bxf3 9. Qxf3 e6 10. e5 Bxe5 11. Qxc6+ Kf8 12. Rxe5 dxe5 13. Qxc5+ Kg7 14. Qxe5+ Qf6 15. Qe2 Ne7 16. b3 Rhd8 17. Bb2 Kg8 18. Rb1 Qf5 19. Ne4 Nd5 20. d3 Rac8 21. g4 Qf4 22. c4 Nb4 23. Nf6+ Kf8 24. Rd1 Nc6 25. Nxh7+ Kg8 26. Nf6+ Kf8 27. Qe3 Nd4 28. Ne4 e5 29. Qxf4 Ne2+ 30. Kf1 Nxf4 31. Bxe5 Rxd3 32. Bd6+ Kg7 33. Rxd3 Nxd3 34. Nc3 Rd8 35. c5 Kf6 36. Ke2 Nb4 37. a3 Nc6 38. b4 a6 39. Ke3 Ke6 40. Ne2 Kd5 41. Kd3 Ne5+ 42. Kc3 Nf3 43. a4 Ng5 44. Kd3 Nxh3 45. Nc3+ Ke6 46. Ke3 Ng5 47. b5 axb5 48. axb5 f5 49. Bc7 Rd7 50. b6 f4+ 51. Kxf4 Nh3+ 52. Ke3 Nxf2 53. Kxf2 Rd2+ 54. Ke3 Rb2 55. c6 1-0

[Event "Dubai op-B 23rd"]
[Site "Dubai"]
[Date "2023.06.04"]
[Round "9"]
[White "Gavrilov, Maxim"]
[Black "Arakelyan, Manvel"]
[Result "1-0"]
[WhiteElo "2157"]
[BlackElo "1657"]
[PlyCount "73"]
[EventDate "2023.05.27"]
[EventType "swiss"]
[EventRounds "9"]
[EventCountry "UAE"]
[SourceTitle "CBM 214 Extra"]
[Source "ChessBase"]
[SourceDate "2023.07.31"]
[SourceVersion "1"]
[SourceVersionDate "2023.07.31"]
[SourceQuality "1"]

1. d4 d5 2. c4 c6 3. Nc3 Nf6 4. e3 Bf5 5. Nf3 e6 6. Qb3 Qb6 7. c5 Qc7 8. Nh4 Bg6 9. g3 b6 10. cxb6 axb6 11. Nxg6 hxg6 12. Bg2 c5 13. Bd2 c4 14. Qd1 Bb4 15. 0-0 Bxc3 16. Bxc3 0-0 17. f3 Nc6 18. g4 b5 19. a3 Nd7 20. f4 Nb6 21. f5 Na4 22. e4 Ne7 23. exd5 Nxd5 24. Qd2 Naxc3 25. bxc3 Qe7 26. Qc1 Rad8 27. Rb1 g5 28. h4 Nf4 29. Qe3 Nxg2 30. Kxg2 gxh4 31. Rxb5 Qd7 32. Re5 exf5 33. gxf5 Rb8 34. f6 Rb2+ 35. Kh1 g6 36. Rh5 Qb7+ 37. d5 1-0

[Event "Dubai op-B 23rd"]
[Site "Dubai"]
[Date "2023.05.28"]
[Round "2"]
[White "Korkmaz, Necmettin"]
[Black "Arakelyan, Manvel"]
[Result "1/2-1/2"]
[WhiteElo "2091"]
[BlackElo "1657"]
[PlyCount "101"]
[EventDate "2023.05.27"]
[EventType "swiss"]
[EventRounds "9"]
[EventCountry "UAE"]
[SourceTitle "CBM 214 Extra"]
[Source "ChessBase"]
[SourceDate "2023.07.31"]
[SourceVersion "1"]
[SourceVersionDate "2023.07.31"]
[SourceQuality "1"]

1. e4 c5 2. Nf3 Nc6 3. Bb5 d6 4. Bxc6+ bxc6 5. e5 dxe5 6. Nxe5 Qd5 7. Nf3 Qe4+ 8. Qe2 Qxc2 9. Na3 Qg6 10. Nc4 Qe6 11. Ne3 g6 12. 0-0 Bg7 13. Re1 Nf6 14. d4 cxd4 15. Nxd4 Qd7 16. Qc4 0-0 17. Qxc6 Bb7 18. Qxd7 Nxd7 19. Nec2 e6 20. Be3 Ne5 21. Rad1 Nc4 22. Bc1 Rac8 23. Ne3 a6 24. b3 Nxe3 25. Bxe3 Rfd8 26. b4 Rc4 27. Nb3 Rxd1 28. Rxd1 Bd5 29. Bc5 Rc2 30. a4 Bxb3 31. Rd8+ Bf8 32. h4 Bxa4 33. Bxf8 f6 34. Bc5+ Kg7 35. Rd6 Bb5 36. Rxe6 f5 37. Re7+ Kg8 38. Ra7 Rc4 39. g3 Rc1+ 40. Kg2 Bc6+ 41. f3 Rc2+ 42. Bf2 Ra2 43. Rc7 Rc2 44. Kh3 Rxf2 45. Rxc6 Rxf3 46. Rxa6 Rb3 47. Ra8+ Kg7 48. Ra7+ Kh6 49. Rb7 f4 50. Kg4 fxg3 51. Kh3 1/2-1/2

[Event "EU-ch U12 30th"]
[Site "Antalya"]
[Date "2022.11.11"]
[Round "6"]
[White "Villa Tornero, Alex"]
[Black "Arakelyan, Manvel"]
[Result "1-0"]
[WhiteElo "2050"]
[BlackElo "1791"]
[PlyCount "123"]
[EventDate "2022.11.06"]
[EventType "swiss"]
[EventRounds "9"]
[EventCountry "TUR"]
[SourceTitle "CBM 211 Extra"]
[Source "ChessBase"]
[SourceDate "2023.01.31"]
[SourceVersion "1"]
[SourceVersionDate "2023.01.31"]
[SourceQuality "1"]

1. e4 c5 2. Nf3 Nc6 3. d4 cxd4 4. Nxd4 g6 5. c4 Nf6 6. Nc3 d6 7. f3 Nxd4 8. Qxd4 Bg7 9. Be3 0-0 10. Qd2 a5 11. Na4 Nd7 12. 0-0-0 Qc7 13. Nc3 a4 14. Nd5 Qd8 15. h4 a3 16. b3 Nc5 17. Bxc5 dxc5 18. Nf6+ Bxf6 19. Qxd8 Rxd8 20. Rxd8+ Kg7 21. h5 h6 22. g3 g5 23. Bh3 e6 24. Re8 b6 25. Rd1 Bd4 26. Rd8 Kf6 27. Bg4 Ke7 28. R8xd4 cxd4 29. Rxd4 Bb7 30. Kc2 Ra5 31. Bh3 f5 32. exf5 exf5 33. f4 Be4+ 34. Kc3 gxf4 35. gxf4 Ra8 36. Kb4 Rg8 37. Kxa3 Rg3 38. Bf1 Rf3 39. Bg2 Rxf4 40. Kb4 Ke6 41. Bxe4 fxe4 42. Kb5 Kf5 43. Kxb6 e3 44. Rd1 Rf2 45. c5 Rxa2 46. b4 e2 47. Re1 Ke6 48. Kc6 Ra6+ 49. Kb7 Ra2 50. b5 Rc2 51. Kc6 Ke5 52. Kb6 Ke6 53. c6 Kd6 54. Kb7 Rc5 55. b6 Rxc6 56. Rxe2 Rc1 57. Rb2 Ra1 58. Kb8 Kc6 59. b7 Rg1 60. Ra2 Rg7 61. Ka8 Rxb7 62. Rc2+ 1-0

[Event "EU-ch U12 30th"]
[Site "Antalya"]
[Date "2022.11.08"]
[Round "3"]
[White "Arakelyan, Manvel"]
[Black "Cieslak, Patryk"]
[Result "1-0"]
[WhiteElo "1791"]
[BlackElo "2088"]
[PlyCount "159"]
[EventDate "2022.11.06"]
[EventType "swiss"]
[EventRounds "9"]
[EventCountry "TUR"]
[SourceTitle "EXT 2024"]
[Source "ChessBase"]
[SourceDate "2023.10.10"]
[SourceVersion "1"]
[SourceVersionDate "2023.10.10"]
[SourceQuality "1"]

1. e4 c5 2. Nf3 d6 3. d4 cxd4 4. Nxd4 Nf6 5. Nc3 a6 6. h3 e5 7. Nde2 h5 8. g3 Be6 9. Bg2 b5 10. Bg5 Be7 11. Bxf6 Bxf6 12. Nd5 Nd7 13. Nec3 h4 14. g4 Bg5 15. 0-0 0-0 16. a4 Rb8 17. Nb4 bxa4 18. Nc6 Qc7 19. Nxb8 Rxb8 20. Nxa4 Bc4 21. Re1 Nf8 22. b3 Bb5 23. Bf1 Ne6 24. Nb2 Qc3 25. Bxb5 axb5 26. Nd3 Nd4 27. Ra2 Rc8 28. Re2 g6 29. Kg2 Kg7 30. Kg1 Kh6 31. Kg2 f5 32. gxf5 gxf5 33. Ra6 Rc6 34. Rxc6 Qxc6 35. f3 Qe8 36. exf5 Nxf5 37. Nf2 Qf7 38. Ng4+ Kg7 39. c3 b4 40. cxb4 Nd4 41. Re4 Qa7 42. Nf2 Nf5 43. Ng4 Nd4 44. Qd3 Bf4 45. Nf2 Nf5 46. Rxe5 Bxe5 47. Qxf5 Bg3 48. Qg5+ Kh7 49. Qd2 Qb6 50. Ng4 Qb5 51. Nf6+ Kg7 52. Ne4 Qe5 53. Qg5+ Qxg5 54. Nxg5 d5 55. f4 Kf6 56. Kf3 Kf5 57. Nf7 Bxf4 58. b5 Bc7 59. Nh6+ Ke5 60. Ke3 Bb6+ 61. Kd3 Kf4 62. Nf7 Kg3 63. Ng5 Bd8 64. Nf7 Bc7 65. Ng5 Bb6 66. b4 Bd8 67. Nf7 Bc7 68. Ng5 Bd8 69. Nf7 Bc7 70. Ng5 Bb6 71. Ke2 Kg2 72. Kd3 Bd8 73. Ne6 Bf6 74. Nf4+ Kf3 75. Nxd5 Be5 76. Ne3 Bd6 77. Nf5 Bxb4 78. b6 Bc5 79. b7 Ba7 80. Nd4+ 1-0